000 00444nam a2200133Ia 4500
008 211122s9999||||xx |||||||||||||| ||und||
082 _a891.433
_bMAI-C
100 _aMaithrey, Anviksha
245 0 _aCheen Ki Lok Kathayein
260 _bMeera Devi Pusthak Prathishtan
_aMaharashtra
630 _xGeneral Stack
650 _aGeneralia
_vLITERATURE & RHETORICLITERATURES OF OTHER LANGUAGESEAST INDO-EUROPEAN & CELTIC LITERATUES
942 _cBOOK
999 _c126100
_d126100